Statistics for Ancient Greek History by Picture

Click here to take the quiz!

General Stats

  • This quiz has been taken 476 times
  • The average score is 11 of 18

Answer Stats

Answer% Correct
Alexander the Great
92%
Olympus
91%
Zeus
90%
Socrates
84%
Centaur
78%
Homer
66%
Olympic Games
65%
{Colossus} of Rhodes
63%
{Peloponnesian} War
63%
Odysseus
56%
Acropolis
55%
Atlantis
51%
Delphi
49%
Battle of {Thermopylae}
46%
{Pythagorean} theorem
44%
Pericles
34%
Mycenae
24%
Discobolus
12%

Score Distribution

Percentile by Number Answered

Percent of People with Each Score

Your Score History

You have not taken this quiz